[Event "Nizhnij Novgorod Region-ch"]
[Site "Nizhnij Novgorod"]
[Date "2012.10.13"]
[Round "?"]
[White "Sizov, Roman"]
[Black "Bessonov, Viktor"]
[Result "0-1"]
[WhiteElo "1786"]
[BlackElo "2038"]
[PlyCount "92"]
[EventDate "2012.10.06"]
[EventType "swiss"]
[EventRounds "9"]
[EventCountry "RUS"]
[SourceTitle "EXT 2022"]
[Source "ChessBase"]
[SourceDate "2021.10.06"]
[SourceVersion "1"]
[SourceVersionDate "2021.10.06"]
[SourceQuality "1"]

1. d4 d5 2. Nf3 Nf6 3. c4 c6 4. e3 e6 5. Bd3 dxc4 6. Bxc4 Be7 7. 0-0 0-0 8. Nc3 b5 9. Bd3 a6 10. e4 Bb7 11. e5 Nd5 12. Nxd5 cxd5 13. Qc2 g6 14. Bh6 Re8 15. a4 Nc6 16. axb5 Nb4 17. Qe2 Nxd3 18. Qxd3 Qb6 19. Rfc1 axb5 20. Rxa8 Rxa8 21. h4 Bc6 22. Ng5 b4 23. h5 Be8 24. hxg6 fxg6 25. Qh3 Bf7 26. Nxh7 Qd8 27. Bf8 Bh4 28. Bxb4 Kxh7 29. g3 g5 30. gxh4 gxh4 31. Kh2 Qg5 32. Qd3+ Bg6 33. Rc7+ Kh6 34. Qf3 Bf5 35. Be7 Qg4 36. Qxg4 Bxg4 37. Bxh4 Ra4 38. Be7 Rxd4 39. b4 Kg6 40. b5 Rd3 41. b6 Rb3 42. b7 Be2 43. Bd6 Ba6 44. Re7 Bxb7 45. Rxe6+ Kg5 46. Re8 d4 0-1

[Event "Nizhnij Novgorod Region-ch"]
[Site "Nizhnij Novgorod"]
[Date "2012.10.09"]
[Round "?"]
[White "Bessonov, Viktor"]
[Black "Borisov, Sergey N"]
[Result "1/2-1/2"]
[WhiteElo "2038"]
[BlackElo "1801"]
[PlyCount "80"]
[EventDate "2012.10.06"]
[EventType "swiss"]
[EventRounds "9"]
[EventCountry "RUS"]
[SourceTitle "EXT 2022"]
[Source "ChessBase"]
[SourceDate "2021.10.06"]
[SourceVersion "1"]
[SourceVersionDate "2021.10.06"]
[SourceQuality "1"]

1. e4 c6 2. d4 d5 3. Nc3 dxe4 4. Nxe4 Nf6 5. Nxf6+ exf6 6. Nf3 Bd6 7. h3 Qc7 8. Bd3 Be6 9. 0-0 0-0 10. Nh4 g6 11. c4 Rd8 12. Be3 Bf8 13. Qe2 Nd7 14. Rad1 Nb6 15. b3 Bg7 16. Bb1 Rd7 17. Bc1 Rad8 18. Bb2 Re7 19. Rfe1 Nc8 20. Qf3 Red7 21. Re2 Ne7 22. Red2 f5 23. Qe2 b6 24. Nf3 h6 25. Ba3 Kh7 26. h4 Bf6 27. h5 g5 28. Ne5 Bxe5 29. dxe5 Rxd2 30. Rxd2 Rxd2 31. Qxd2 c5 32. Bb2 Qd7 33. Qe2 Nc6 34. Qf3 Kg8 35. Bc3 Ne7 36. Bc2 Qc6 37. Qe2 Qd7 38. a3 Nc6 39. Qf3 Nd4 40. Bxd4 Qxd4 1/2-1/2

[Event "Nizhnij Novgorod Dubinin Memorial 16th"]
[Site "Nizhnij Novgorod"]
[Date "2009.01.06"]
[Round "4"]
[White "Bessonov, Viktor"]
[Black "Varfalomeev, Yan"]
[Result "1/2-1/2"]
[WhiteElo "2117"]
[BlackElo "1688"]
[PlyCount "23"]
[EventDate "2009.01.03"]
[EventType "swiss"]
[EventRounds "9"]
[EventCountry "RUS"]
[SourceTitle "EXT 2010"]
[Source "ChessBase"]
[SourceDate "2010.11.25"]
[SourceVersion "1"]
[SourceVersionDate "2010.11.25"]
[SourceQuality "1"]

1. e4 e5 2. Nf3 Nc6 3. Bb5 a6 4. Ba4 Nf6 5. 0-0 Bc5 6. d3 d6 7. c3 Bg4 8. Nbd2 0-0 9. Re1 Ne7 10. Nf1 Ng6 11. h3 Bxf3 12. Qxf3 1/2-1/2

[Event "Nizhnij Novgorod Dubinin Memorial 16th"]
[Site "Nizhnij Novgorod"]
[Date "2009.01.05"]
[Round "3"]
[White "Shadchnev, Nikolai"]
[Black "Bessonov, Viktor"]
[Result "1/2-1/2"]
[WhiteElo "1915"]
[BlackElo "2117"]
[PlyCount "40"]
[EventDate "2009.01.03"]
[EventType "swiss"]
[EventRounds "9"]
[EventCountry "RUS"]
[SourceTitle "EXT 2010"]
[Source "ChessBase"]
[SourceDate "2010.11.25"]
[SourceVersion "1"]
[SourceVersionDate "2010.11.25"]
[SourceQuality "1"]

1. f4 d5 2. Nf3 Nf6 3. e3 e6 4. b3 Be7 5. Bb2 b6 6. Ne5 Bb7 7. Bb5+ c6 8. Bd3 Nbd7 9. 0-0 Nc5 10. Be2 Nce4 11. a4 a5 12. Nc3 0-0 13. Nxe4 Nxe4 14. Bd3 f5 15. Bxe4 dxe4 16. d4 exd3 17. cxd3 c5 18. Qc2 Qd5 19. Rfd1 Rfd8 20. d4 Rac8 1/2-1/2

[Event "Nizhnij Novgorod Region-ch op"]
[Site "Nizhnij Novgorod"]
[Date "2008.10.??"]
[Round "9"]
[White "Bessonov, Viktor"]
[Black "Markelova, Lubov"]
[Result "1-0"]
[WhiteElo "2103"]
[BlackElo "1951"]
[PlyCount "51"]
[EventDate "2008.10.04"]
[EventType "swiss"]
[EventRounds "9"]
[EventCountry "RUS"]
[SourceTitle "EXT 2022"]
[Source "ChessBase"]
[SourceDate "2021.10.06"]
[SourceVersion "1"]
[SourceVersionDate "2021.10.06"]
[SourceQuality "1"]

1. e4 c5 2. Nc3 a6 3. g3 Nc6 4. Bg2 g6 5. d3 Bg7 6. Nge2 d6 7. 0-0 e6 8. Be3 Nge7 9. d4 cxd4 10. Nxd4 0-0 11. Qd2 Ne5 12. Qe2 Qc7 13. Rad1 Bd7 14. Kh1 Rac8 15. f4 Nc4 16. Bc1 b5 17. a3 Nxa3 18. f5 exf5 19. Bg5 Rfe8 20. Bxe7 Qa7 21. Nd5 Nc4 22. c3 Be6 23. Nf6+ Bxf6 24. Bxf6 fxe4 25. Qf2 e3 26. Qf4 1-0

[Event "Nizhnij Novgorod Region-ch op"]
[Site "Nizhnij Novgorod"]
[Date "2008.10.??"]
[Round "8"]
[White "Sundukov, Peter"]
[Black "Bessonov, Viktor"]
[Result "1-0"]
[WhiteElo "2173"]
[BlackElo "2103"]
[PlyCount "79"]
[EventDate "2008.10.04"]
[EventType "swiss"]
[EventRounds "9"]
[EventCountry "RUS"]
[SourceTitle "EXT 2022"]
[Source "ChessBase"]
[SourceDate "2021.10.06"]
[SourceVersion "1"]
[SourceVersionDate "2021.10.06"]
[SourceQuality "1"]

1. d4 Nf6 2. Bg5 Ne4 3. Bh4 g5 4. f3 gxh4 5. fxe4 Bg7 6. e3 c5 7. Nf3 Nc6 8. Nc3 Qa5 9. Qd2 d6 10. Nd5 Qxd2+ 11. Kxd2 0-0 12. c3 e6 13. Nc7 Rb8 14. Nb5 Rd8 15. Bd3 a6 16. Na3 Bh6 17. Ke2 b5 18. Nxh4 b4 19. Nc2 Na5 20. cxb4 c4 21. bxa5 cxd3+ 22. Kxd3 Bd7 23. b3 Rdc8 24. Rhc1 Rc7 25. Na3 Rbc8 26. Rxc7 Rxc7 27. Nc4 d5 28. exd5 exd5 29. Nb6 Be6 30. Kd2 Bf8 31. a3 Bd6 32. b4 Bxh2 33. Rc1 Rxc1 34. Kxc1 Bd6 35. Nf3 f6 36. Ne1 h5 37. Kd2 Kf7 38. Nd3 h4 39. Nf4 Bf5 40. Nbxd5 1-0

[Event "Nizhnij Novgorod Region-ch op"]
[Site "Nizhnij Novgorod"]
[Date "2008.10.??"]
[Round "6"]
[White "Zuykov, Andrei V"]
[Black "Bessonov, Viktor"]
[Result "1-0"]
[WhiteElo "2318"]
[BlackElo "2103"]
[PlyCount "103"]
[EventDate "2008.10.04"]
[EventType "swiss"]
[EventRounds "9"]
[EventCountry "RUS"]
[SourceTitle "EXT 2022"]
[Source "ChessBase"]
[SourceDate "2021.10.06"]
[SourceVersion "1"]
[SourceVersionDate "2021.10.06"]
[SourceQuality "1"]

1. e4 c6 2. d4 d5 3. Nc3 dxe4 4. Nxe4 Nd7 5. Bd3 Ngf6 6. Ng5 e6 7. N1f3 Be7 8. 0-0 Qc7 9. Re1 0-0 10. Qe2 Bd6 11. Ne5 Nb6 12. Ng4 Nbd7 13. Ne5 Nb6 14. c4 c5 15. dxc5 Bxe5 16. cxb6 Bxh2+ 17. Kh1 axb6 18. Nxh7 Nxh7 19. Qh5 Nf6 20. Qxh2 Qxh2+ 21. Kxh2 Rd8 22. Be2 Bd7 23. Be3 Bc6 24. a3 Rd6 25. Bxb6 Rd2 26. b4 Be4 27. a4 Bd3 28. Bxd3 Rxd3 29. a5 Rc3 30. Rac1 Rxc1 31. Rxc1 Rc8 32. b5 Kf8 33. c5 Ke8 34. Ba7 Kd7 35. c6+ bxc6 36. b6 Rh8+ 37. Kg1 Kd6 38. b7 Kc7 39. b8Q+ Rxb8 40. Bxb8+ Kxb8 41. Rxc6 Kb7 42. Rb6+ Ka7 43. Kf1 Nd5 44. Rd6 Nf6 45. Ke2 Kb7 46. a6+ Ka7 47. Kd3 Ng4 48. Kc4 g5 49. Kb5 Ne5 50. Rb6 g4 51. Rb7+ Ka8 52. Rc7 1-0

[Event "Nizhnij Novgorod Voroniatov Memor 5th"]
[Site "Nizhnij Novgorod"]
[Date "2008.06.14"]
[Round "?"]
[White "Bessonov, Viktor"]
[Black "Baryshev, Sergey"]
[Result "0-1"]
[WhiteElo "2113"]
[BlackElo "1871"]
[PlyCount "60"]
[EventDate "2008.06.14"]
[EventType "swiss"]
[EventRounds "9"]
[EventCountry "RUS"]
[SourceTitle "EXT 2022"]
[Source "ChessBase"]
[SourceDate "2021.10.06"]
[SourceVersion "1"]
[SourceVersionDate "2021.10.06"]
[SourceQuality "1"]

1. e4 c5 2. Nf3 Nc6 3. d4 cxd4 4. Nxd4 e5 5. Nb5 a6 6. Nd6+ Bxd6 7. Qxd6 Qe7 8. Qd1 Nf6 9. Nc3 d6 10. Bg5 Be6 11. Be2 h6 12. Bh4 g5 13. Bg3 Nd4 14. 0-0 h5 15. f3 h4 16. Bf2 Nxe2+ 17. Qxe2 Nh5 18. Rad1 Nf4 19. Qd2 Rd8 20. Be3 f6 21. Bb6 Rd7 22. Qe3 Kf7 23. Rd2 Rc8 24. Rfd1 Rc6 25. Nd5 Bxd5 26. exd5 Rc8 27. Qe4 Kg7 28. Qf5 Qe8 29. g3 hxg3 30. hxg3 Ng6 0-1

[Event "Nizhnij Novgorod Voroniatov Memor 5th"]
[Site "Nizhnij Novgorod"]
[Date "2008.06.14"]
[Round "?"]
[White "Zavialova, Ekaterina"]
[Black "Bessonov, Viktor"]
[Result "0-1"]
[WhiteElo "1783"]
[BlackElo "2113"]
[PlyCount "60"]
[EventDate "2008.06.14"]
[EventType "swiss"]
[EventRounds "9"]
[EventCountry "RUS"]
[SourceTitle "EXT 2022"]
[Source "ChessBase"]
[SourceDate "2021.10.06"]
[SourceVersion "1"]
[SourceVersionDate "2021.10.06"]
[SourceQuality "1"]

1. e4 c6 2. d4 d5 3. Nc3 dxe4 4. Nxe4 Nd7 5. Nf3 Ngf6 6. Nxf6+ Nxf6 7. Bg5 e6 8. Bd3 Be7 9. 0-0 0-0 10. c3 Qc7 11. Qc2 h6 12. Bh4 b6 13. Nd2 Ng4 14. Bg3 Bd6 15. Ne4 Bxg3 16. Nxg3 Bb7 17. Qe2 Nf6 18. Ne4 Nd5 19. Bc2 c5 20. dxc5 bxc5 21. Rfe1 Rad8 22. Qc4 Rc8 23. Qd3 c4 24. Qg3 Qxg3 25. Nxg3 Rb8 26. Ne4 Nf4 27. b3 Rbd8 28. bxc4 Nxg2 29. Kxg2 Rd2 30. Bb1 f5 0-1